Music Quiz

Random Music or Lyrics Quiz

Guess the Lyrics XXXII Quiz Stats

 Plays Quiz not verified by Sporcle

Challenge
Share
Tweet
Embed
Score 0/240 Timer 10:00
0 Plays Today
% Correct
A
95.7%
A
95.7%
I
94.8%
THE
94.4%
THE
94.4%
THE
94.4%
THE
94.4%
THE
94.4%
THE
94.4%
THE
94.4%
THE
94.4%
I
94.3%
I
94.3%
THE
94.1%
THE
94.1%
THE
94.1%
I
93.1%
THE
92.3%
TO
89%
IN
88.9%
ME
88.5%
HE
88.5%
HE
88.5%
I
88.3%
THE
88.2%
I
87.7%
GO
87.2%
TO
85.3%
YOU
85.2%
IN
85.1%
IN
85.1%
IN
85.1%
IN
85.1%
IN
85.1%
IN
85.1%
IN
85.1%
IN
85.1%
OF
84.6%
IN
84%
MY
83.5%
YOUR
83.3%
THE
83.1%
ME
82.5%
THE
81.5%
WAS
79%
IN
79%
IN
79%
GO
78.7%
A
78.2%
THE
77.6%
A
77.4%
THE
76.9%
TO
76.9%
MAN
75.6%
DON'T
75.4%
UP
75.3%
ALL
74.2%
OF
73.6%
TO
72.6%
IN
72.5%
HAD
72%
GOT
71.9%
THE
71%
SAID
70.8%
THE
69.5%
WAS
69.2%
THE
69.1%
I
68%
AT
67.3%
BACK
67.1%
THE
66.7%
WENT
66.3%
A
66.1%
BORN
65.4%
U.S.A.
65.4%
BORN
65.4%
U.S.A.
65.4%
END
65.3%
IN
65%
IN
65%
% Correct
A
64.4%
BORN
64.3%
U.S.A.
64.3%
AND
64.1%
U.S.A.
63.6%
THE
63.3%
WAS
62.5%
I'M
62.5%
I'M
62.5%
THE
62.4%
THE
62.4%
HE
62.2%
A
61.9%
A
61.9%
DEAD
61.8%
TO
61.7%
TO
61.7%
STILL
61.7%
FOREIGN
61.1%
A
60.6%
BEAT
60.1%
A
60%
UNDERSTAND
60%
MAN
59.1%
BROTHER
59.1%
IN
58.7%
TO
58.3%
TEN
57.6%
TILL
57.5%
IN
57.5%
IN
57.3%
NOWHERE
57.3%
SHADOW
56.9%
LIKE
55.5%
SENT
55.4%
PENITENTIARY
55.4%
IT
55.3%
YELLOW
55.2%
THE
55%
KHE
55%
WOMAN
54.3%
RIFLE
53.3%
TOWN
53.1%
WAS
52.8%
THE
52.3%
IN
52.1%
FIGHTING
51.9%
RUN
51%
IN
50.9%
LITTLE
50.5%
OF
49.9%
CONG
49.2%
SON
49.1%
IF
48.8%
GOT
48.5%
SO
48.3%
IN
47.7%
THEY
47.6%
IN
47.5%
HER
47.4%
I
47%
OFF
46.6%
KILL
46.1%
GOT
45.1%
YOU
45%
UP
44.7%
MY
44.4%
THERE
44.2%
SAID
44%
BY
43.7%
TOO
43.3%
FIRES
43%
SEE
42.9%
BEEN
42.8%
DOWN
42.5%
I'M
42%
WHEN
41.9%
DOWN
41.9%
DOWN
41.9%
HE'S
41.7%
% Correct
WAS
41.5%
OUT
41.4%
NOW
41.4%
GONE
41.2%
COME
40.9%
HAD
40.7%
HIM
40.6%
LOVED
40.5%
LIFE
39.3%
MAN
38.5%
TOOK
38.4%
OFF
38.4%
ARMS
38.3%
U.S.A.
38%
WAS
37.6%
SON
37.6%
THEY'RE
36.1%
GONE
36%
FIRST
35.5%
LAND
35.2%
U.S.A.
34.7%
REFINERY
34.7%
BORN
34.2%
UP
33.8%
V.A.
33.8%
GROUND
33.6%
BORN
33.6%
HOME
33.4%
HALF
33.2%
DOWN
32.3%
MAN'S
31.7%
HOMETOWN
31.5%
YEARS
31.4%
PICTURE
30.8%
BORN
30.7%
JAM
30.6%
ROAD
30.5%
U.S.A.
29.2%
VIET
28.8%
BORN
28.7%
U.S.A.
28.7%
BORN
28.7%
U.S.A.
28.7%
BORN
28.7%
U.S.A.
28.7%
U.S.A.
28.7%
BORN
28.7%
U.S.A.
28.7%
BORN
28.7%
U.S.A.
28.7%
BORN
28.7%
U.S.A.
28.7%
U.S.A.
28.7%
BORN
28.2%
JUST
28%
AIN'T
28%
KICK
26.5%
REFINERY
26.5%
HAND
25.5%
SAHN
25%
NOWHERE
24.7%
MUCH
24.1%
HIRING
24.1%
GAS
24.1%
PUT
23.4%
LONG
23.3%
BURNING
23.2%
THAT'S
22.5%
HIT
21.5%
SAIGON
20%
DOG
19.8%
BORN
18.6%
U.S.A.
18.6%
BORN
18.3%
DADDY
16.6%
DADDY
16.6%
SPEND
14.3%
COVERING
12.4%
COOL
11.9%
ROCKING
11.2%

You're not logged in!

Compare scores with friends on all Sporcle quizzes.
OR
Log In

You Might Also Like...

Show Comments

Extras

Top Quizzes Today


Score Distribution

Your Account Isn't Verified!

In order to create a playlist on Sporcle, you need to verify the email address you used during registration. Go to your Sporcle Settings to finish the process.

Report this User

Report this user for behavior that violates our Community Guidelines.

Details: